00405nam a2200157Ia 45000010006000000050017000060080041000230410008000640820017000721000034000892450068001232600009001913000031002006500008002316540008002391585520260306170226.0260306t2015||||xx |||||||||||||| ||und|| aESP a620.112bA71 aArguelles Amado, AntonioeAUT 0aFormulario técnico de elasticidad y resistencia de materiales c2015 av, 370 páginas :c24 cm. aGEN aCII